| 000 | 03589nam a22003137a 4500 | ||
|---|---|---|---|
| 001 | 1664 | ||
| 003 | FISKH | ||
| 005 | 20230915125322.0 | ||
| 008 | 230913b cb ||||| |||| 00| 0 khr d | ||
| 020 | _a9789924340102 | ||
| 040 |
_aFISKH _beng _cFISKH _dFISKH |
||
| 082 | _a973.7 | ||
| 100 | _aChan | ||
| 245 |
_aលាហើយភ្នំពេញ / _cនិពន្ធ និងគូររូបដោយ ច័ន បកប្រែពីភាសាបារាំងដោយ បេ ពុច |
||
| 250 | _aបោះពុម្ពលើកទី ៣ ខែតុលា ឆ្នាំ ២០២១ | ||
| 260 |
_aPhnom Penh : _bSipar, _c2021. |
||
| 300 |
_a120 pages : _bcolor illustrations ; _c26 cm |
||
| 490 |
_aឆ្នាំថោះ _v១ |
||
| 505 | _aZ' | ||
| 520 | _aជាប្រលោមលោកបែបក្រាហ្វិក សៀវភៅនេះពិពណ៌នាអំពីព្រឹត្តិការណ៍ដែលចាប់ផ្តើមនៅក្នុងខែ មេសា ឆ្នាំ ១៩៧៥… ខ្មែរក្រហមបានកាន់កាប់រាជធានី និងអំណាច។ ដូចអ្នករស់នៅក្នុងទីក្រុងដទៃទៀតដែរ លីណា ជិតសម្រាលកូន ហើយក្រុមគ្រួសាររបស់នាងចាកចេញពីភ្នំពេញ។ រំពេចនោះ មានភាពច្របូកច្របល់ ពួកគេបានឈានទៅមុខក្នុងទីជនបទនៃប្រទេសកម្ពុជា រស់នៅក្នុងភាពច្របូកច្របល់ ហើយស្វែងរកបន្តិចម្តងៗថា បដិវត្តនេះទៅណា។ ប្រសិនបើពួកគេយល់ថាជីវិតរបស់ពួកគេនឹងមិនដូចគ្នាទេ ពួកគេនៅតែនៅឆ្ងាយពីការស្រមៃនៃសោកនាដកម្មនៃប្រទេសរបស់ពួកគេទាំងមូល… រឿងពិតរបស់ខ្មែរក្រហម។ លោក Tian បានប្រាប់ពីដំណើររឿងរបស់គ្រួសារលោក និងបង្ហាញពីជីវិតរបស់ប្រជាជនកម្ពុជាក្នុងសម័យថ្មី។ | ||
| 520 | _aAs a graphical novel, this book describes events starting in April 1975 when the Khmer Rouge took the capital and power. Like all residents of the city, Lina – about to give birth – and her family leave Phnom Penh. Suddenly disoriented, they advance in the Cambodian countryside, surviving in the confusion, and gradually discover where this revolution goes. If they understand that their lives will never be the same, they are still far from imagining the tragedy of their whole country. The true story of the Khmer Rouge, Tian told the story of his family and reveals the lives of Cambodians during the new era. | ||
| 521 | 8 |
_a920
_bLexile estimate |
|
| 521 | 8 |
_aZ'
_bRaz-Plus |
|
| 650 |
_aខ្មែរក្រហម _vការចាកចេញ _xទីក្រុង _yជនបទ |
||
| 650 |
_aKhmer Rough _vLeaving _xCity _yCountryside |
||
| 700 |
_aPuch, Bae _eTranslator |
||
| 700 |
_aChan _eillustrator |
||
| 942 |
_2ddc _cKHB _n0 |
||
| 999 |
_c1664 _d1664 |
||